Los santos inocentes / (Registro nro. 8701)
[ vista simple ]
| 000 -LEADER | |
|---|---|
| fixed length control field | 00783nam a22002657a 4500 |
| 001 - CONTROL NUMBER | |
| control field | 69644 |
| 003 - CONTROL NUMBER IDENTIFIER | |
| control field | DO-SdBNP |
| 005 - DATE AND TIME OF LATEST TRANSACTION | |
| control field | 20180207114553.0 |
| 007 - PHYSICAL DESCRIPTION FIXED FIELD--GENERAL INFORMATION | |
| fixed length control field | 69644 |
| 008 - FIXED-LENGTH DATA ELEMENTS--GENERAL INFORMATION | |
| fixed length control field | 020412s1999 sp | ||| ||spa |
| 016 7# - NATIONAL BIBLIOGRAPHIC AGENCY CONTROL NUMBER | |
| Source | BPMSU |
| 020 ## - INTERNATIONAL STANDARD BOOK NUMBER | |
| International Standard Book Number | 8481301809 |
| 040 ## - CATALOGING SOURCE | |
| Original cataloging agency | BPMSU |
| Language of cataloging | spa |
| Transcribing agency | BPMSU |
| 100 1# - MAIN ENTRY--PERSONAL NAME | |
| Personal name | Delibes, Miguel, |
| Dates associated with a name | 1920-2010. |
| 245 14 - TITLE STATEMENT | |
| Title | Los santos inocentes / |
| Statement of responsibility, etc. | Miguel Delibes ; prólogo de Santos Sanz Villanueva |
| 260 ## - PUBLICATION, DISTRIBUTION, ETC. (IMPRINT) | |
| Place of publication, distribution, etc. | Madrid: |
| Name of publisher, distributor, etc. | Milenium, |
| Date of publication, distribution, etc. | 1999 |
| 300 ## - PHYSICAL DESCRIPTION | |
| Extent | 94 p. ; |
| Dimensions | 22 cm |
| 490 1# - SERIES STATEMENT | |
| Series statement | Milenium. Las 100 joyas del milenio |
| Volume/sequential designation | 64 |
| 490 1# - SERIES STATEMENT | |
| Series statement | Biblioteca El mundo |
| 830 #0 - SERIES ADDED ENTRY--UNIFORM TITLE | |
| Name of part/section of a work | Milenium. Las 100 joyas del milenio |
| Volume number/sequential designation | 64 |
| 830 #0 - SERIES ADDED ENTRY--UNIFORM TITLE | |
| Name of part/section of a work | Biblioteca El mundo |
| 942 ## - ADDED ENTRY ELEMENTS (KOHA) | |
| Source of classification or shelving scheme | Dewey Decimal Classification |
| Koha item type | Libros |
| 945 ## - LOCAL PROCESSING INFORMATION (OCLC) | |
| a | Inventariado, 2018 /LP |
| 956 ## - LOCAL ELECTRONIC LOCATION AND ACCESS (OCLC) | |
| Host name | VMATEO |
| Access method | 10 |
| Materials specified | 20151113 |
| Linkage | BPMSU |
| Field link and sequence number | 00151 |
| Withdrawn status | Lost status | Source of classification or shelving scheme | Damaged status | Not for loan | Collection code | Home library | Current library | Date acquired | Source of acquisition | Total Checkouts | Barcode | Date last seen | Price effective from | Koha item type |
|---|---|---|---|---|---|---|---|---|---|---|---|---|---|---|
| Dewey Decimal Classification | Colección General | Biblioteca Pública Metropolitana Salomé Ureña | Biblioteca Pública Metropolitana Salomé Ureña | 11/13/2015 | FUNDI | BPMSU15110258 | 11/13/2015 | 11/13/2015 | Libros |